=LDR 00000nam 2200000 4500 =001 INLIS000000000027309 =005 20130612125708 =008 ***********************************Ind** =035 ##$$a0010-061300000027309 =041 ##$$a Ind =082 ##$$a 650.1 =090 ##$$a 650.1, Ikh b =100 ##$$a Ikhs,A khoerussalim =245 ##$$a Business revolution, A Koerussalim;Editor,Tanjay sholehudin =260 ##$$a 2006 $b Jakarta; l kautsar =300 ##$$a xxxvi,246 hlm, ilus, 20 cm =650 ##$$a BISNIS =700 ##$$a SHOLEHUDIN,Tanjay =850 ##$$a NBPNMAT =990 ##$$a 21400613/BPAP-NTB/20142014 =990 ##$$a 21400613/BPAP-NTB/20142014 =990 ##$$a 21400613/BPAP-NTB/20142014